| 000 | 00350 a2200145 4500 | ||
|---|---|---|---|
| 001 | 73505 | ||
| 082 | _a620.1 MER | ||
| 090 |
_c38918 _d38918 |
||
| 100 | _aMeriam, J.L | ||
| 245 |
_aEngineering Mechanics Dynamics 3rd Ed _cJ.L, Meriam |
||
| 250 | _a3rd | ||
| 260 |
_aN Y _bWiley _c1993 |
||
| 300 | _a719p. | ||
| 500 | _aBE textbook (Aerospace Dept) | ||
| 942 |
_aNUST CAE _k620.1 MER |
||
| 999 |
_c308578 _d308578 |
||